Sports Quiz

Random Sports or Football Quiz

NFL Rushing Leaders by Year Quiz Stats

 Plays Quiz Updated Jan 4, 2021

Support Sporcle.
Go Orange.
Score 0/54 Timer 07:00
5 Plays Today
Year Running Back % Correct
2007LaDainian Tomlinson
94.1%
2006LaDainian Tomlinson
94%
2012Adrian Peterson
93%
1993Emmitt Smith
92.3%
1992Emmitt Smith
92.3%
1995Emmitt Smith
92.2%
2020Derrick Henry
92.2%
1991Emmitt Smith
92.2%
1996Barry Sanders
92.1%
1997Barry Sanders
92.1%
1994Barry Sanders
91.7%
2015Adrian Peterson
91.5%
2018Ezekiel Elliott
90.8%
2019Derrick Henry
90.5%
1990Barry Sanders
89.8%
2005Shaun Alexander
89.1%
2016Ezekiel Elliott
87.5%
2008Adrian Peterson
85%
2002Ricky Williams
84.9%
2000Edgerrin James
84.3%
2013LeSean McCoy
84.3%
1999Edgerrin James
84.3%
1998Terrell Davis
83.3%
2003Jamal Lewis
82.5%
2011Maurice Jones-Drew
82.2%
2001Priest Holmes
82.2%
2014DeMarco Murray
81%
Year Running Back % Correct
2004Curtis Martin
78.2%
2017Kareem Hunt
77.6%
1977Walter Payton
71.5%
1984Eric Dickerson
67.8%
1983Eric Dickerson
67.7%
1986Eric Dickerson
67.6%
1975O.J. Simpson
62.4%
1976O.J. Simpson
62.4%
1973O.J. Simpson
62.2%
1972O.J. Simpson
62.2%
1985Marcus Allen
58%
1979Earl Campbell
54.8%
1978Earl Campbell
54.8%
1980Earl Campbell
54.7%
2009Chris Johnson
51%
1969Gale Sayers
45%
1988Eric Dickerson
37.1%
1989Christian Okoye
32.2%
2010Arian Foster
31.1%
1981George Rogers
13.9%
1982Freeman McNeil
12.9%
1971Floyd Little
11.2%
1967Leroy Kelly
11%
1968Leroy Kelly
10.6%
1970Larry Brown
8.9%
1987Charles White
6.9%
1974Otis Armstrong
4.6%

From the Vault

Vowel-less Members of the MCU

by I-Am-Batman

Here are some of your favorite cmc bk chrctrs.
Remove Ads.
Support Sporcle.
Get the best of Sporcle when you Go Orange. This ad-free experience offers more features, more stats, and more fun while also helping to support Sporcle. Thank you for becoming a member.

Show Comments

Extras

Top Quizzes Today


Score Distribution

Your Account Isn't Verified!

In order to create a playlist on Sporcle, you need to verify the email address you used during registration. Go to your Sporcle Settings to finish the process.

Report this User

Report this user for behavior that violates our Community Guidelines.

Details: